Capitals Sharing Their Name with their Countries - Statistics

General Stats
  • This quiz has been taken 91 times
    90 since last reset
  • The average score is 14 of 20
Answer Stats
Group Country Capital % Correct
Same Name Vatican City Vatican City
93%
City Guatemala Guatemala City
88%
Same Name Luxembourg Luxembourg
88%
City Mexico Mexico City
88%
Same Name Monaco Monaco
88%
City Panama Panama City
88%
Same Name San Marino San Marino
88%
With Something More Andorra Andorra la Vella
84%
Same Name Djibouti Djibouti
78%
City Kuwait Kuwait City
78%
Same Name Singapore Singapore
76%
With Something More Brazil Brasília
73%
With a Modified Part El Salvador San Salvador
66%
With a Removed Part São Tomé and Principe São Tomé
58%
With a Removed Part Tunisia Tunis
58%
With a Modified Part Algeria Algiers
55%
With a Removed Part Guinea-Bissau Bissau
48%
With a Modified Part Sri Lanka Sri Jayawardenapura Kotte
34%
With a Modified Part Taiwan Taipei
31%
Different Country Trinidad and Tobago Port-of-Spain
12%
No matching quizzes found
Score Distribution
Percent of People with Each Score
Percentile by Number Answered
Your Score History
You have not taken this quiz since the last reset